000 00556cam a22002171 4500
001 sa 67005711
003 DLC
005 20260227112359.0
008 891017s1967 ii 000 0 hino
010 _asa 67005711
035 _a(OCoLC)20501277
040 _aDLC
_cWaU
_dDLC
042 _apremarc
050 0 0 _aPK2098.G8
_bY325
100 1 _aMishra, Radheyshyam,
_d1938-
245 1 0 _aYasodharā kī ṭīkā.
260 _c[1967]
300 _a348 p.
_c19 cm.
500 _aIn Hindi.
600 1 0 _aGupta, Maithili Sarana,
_d1886-1964.
_tYaśodharā.
999 _c75388
_d75388